| 000 | 00701nam a2200205 a 4500 | ||
|---|---|---|---|
| 008 | 120416s2004 ||||||||||||||||| || u | ||
| 020 | _a1405119713 | ||
| 050 | _aBJ 1480 Phi | ||
| 100 | _aHawthorne, John | ||
| 245 | 1 | 0 |
_aEthics: philosophical perspectives, Vol.18, 2004 _cedited by John Hawthorne |
| 260 |
_aOxford _bBlackwell _c2004 |
||
| 300 | _avi, 426p. | ||
| 350 | _a0.00 | ||
| 490 | _aPhilosophical perspectives, 1520-8583 | ||
| 490 | _v18 | ||
| 500 | _aBibliography | ||
| 650 | _aPHILOSOPHY | ||
| 650 | 0 | _aETHICS | |
| 995 |
_D0.00 _FCBU-MAIN LIBRARY (Kitwe) _H1 _I31.00 _M1 _UAVAILABLE _WJun 28, 2006 _ZMain Library Open Access Collection |
||
| 999 |
_c42531 _d42531 |
||